| 000 | 00887nam a2200217 a 4500 | ||
|---|---|---|---|
| 001 | 78543 | ||
| 003 | BD-RjUL | ||
| 005 | 20211209083136.0 | ||
| 008 | 211003s19971418fr ||||| |||| 001 e ara d | ||
| 020 | _a9981260924 | ||
| 035 | _a(BD-RjUL) | ||
| 040 |
_aBD-RjUL _beng _cBD-RjUL |
||
| 041 | _aara | ||
| 082 |
_223 _a297.082071 _bIST 1997 |
||
| 110 |
_aISESCO (Organization) ;; یسسکو (ارگانیزاتیون _9248827 |
||
| 245 | 1 | 0 |
_aتعليم المرأة في الدول الإسلامية : دراسة مسحية ـ تشخيصية.;; Ta`lim al-mar'ah fi al-Duwal al-Islamiyah : dirasah mashiyah - tashkhisiyah./ _c یسسکو (ارگانیزاتیون ;; ISESCO (Organization |
| 300 |
_a118 pages : _billustrations ; _c22 cm. |
||
| 650 |
_aWomen _v Education _zIslamic countries _x Statistics. _9248828 |
||
| 650 |
_aMuslim women _vEducation. _9248829 |
||
| 942 |
_2ddc _cBK |
||
| 999 |
_c78543 _d78543 |
||